000
003060000a22001450004500
003
MACL
040
_a
MACL
090
_c
34630
_d
34628
100
_a
C V Vaidya
245
_a
History of Medieval India
260
_b
Cosmo Publications
_c
1979
350
_a
295
650
_a
History
942
_c
BOOK
_k
900/Vai
999
_c
34265
_d
34265